Respuesta de Cuba: Reagan ante el consejo de la OEA
Đã lưu trong:
| Tác giả của công ty: | |
|---|---|
| Định dạng: | Texto |
| Được phát hành: |
La Habana:
Editora Política
|
| Các nhãn: |
Thêm thẻ
Không có thẻ, Là người đầu tiên thẻ bản ghi này!
|
MARC
| LEADER | 00000 a a2200000 04500 | ||
|---|---|---|---|
| 001 | 15293 | ||
| 003 | |||
| 040 | |a CRAI/IIS |c CRAI/IIS | ||
| 090 | |a 016500 | ||
| 110 | |a Gramma. Organo del Partido Comunista de Cuba | ||
| 245 | |a Respuesta de Cuba: Reagan ante el consejo de la OEA | ||
| 260 | |a La Habana: |b Editora Política | ||
| 300 | |a 65 p. | ||
| 999 | |c 17054 |d 17054 | ||
